| 000 | 01461nam a2200349Ia 4500 | ||
|---|---|---|---|
| 001 | dia_3052 | ||
| 003 | CHAP | ||
| 005 | 20251027152616.0 | ||
| 008 | 220117s1998 xx 000 0 und d | ||
| 010 | _a173558 | ||
| 020 | _a970-07-0833-0 | ||
| 040 | _cCHAP | ||
| 082 | _aC 344.010972 T78 1996 | ||
| 100 |
_aTrueba Urbina, Alberto _9115369 |
||
| 245 |
_aLey Federal del Trabajo : comentarios, prontuario, jurisprudencia y bibliografía / _c Alberto Trueba Urbina y Jorge Trueba Barrera |
||
| 250 | _a77a ed. act. | ||
| 260 |
_aMéxico, D.F. : _b Porrúa, _c1998 |
||
| 300 | _axxv, 915 p. | ||
| 500 | _aEn portada: "Salarios mínimos 2008 ; Áreas geografícas para fines de aplicación de los salarios mínimos ; Reparto de utilidades ; Ley y reglamento del INFONAVIT ; Reglamento de trabajo de lo empleados de las instituciones de crédito y organizaciones auxiliares ; Reglamento de seguridad e higiene ; Capacitación y adiestramiento." | ||
| 503 | _aC/e | ||
| 504 | _aBibliografía: p. 911-915 | ||
| 590 | _aC HD7841 T78 1996 | ||
| 650 |
_aDerechos legales _xMéxico _9147501 |
||
| 650 |
_aLabor _xLaws and legislation _xMexico _9147502 |
||
| 650 |
_aLegal rights _xMexico _9147503 |
||
| 650 |
_aTrabajo _xLegislación _xMéxico _9147504 |
||
| 700 | 1 |
_aTrueba Barrera, Jorge _9147505 |
|
| 901 | _aC 344.010972 T78 1996 | ||
| 902 | _aM | ||
| 905 | _a5232271998 MX X 8212223322SPA16 | ||
| 942 |
_cLIBRO _2ddc |
||
| 999 |
_c173558 _d173558 |
||